Responses for Show #2890 - Friday, March 7, 1997

Contestants

[<< previous game]

Jeff Horton, a school board member from Los Angeles, California

Jude Theriot, a graduate student originally from Catahoula, Louisiana

Jenna Jackson, a writer and consultant from El Cerrito, California (whose 1-day cash winnings total $12,801)

[next game >>]

Jeopardy! Round responses

HISTORIC AMERICANS
FOOD
THE MOVIES
STADIUMS & ARENAS
1997 ANNIVERSARIES
IN OTHER WORDS...
    $100 8
(Alex: Yes, another "J".)

Jefferson Davis

Jeff
    $100 2
broccoli & cauliflower

Jude
    $100 1
Arnold Schwarzenegger

Jude
    $100 15
(Jude: What is Shea Stadium?)
(Jenna: What is Notre Dame?)

Yankee Stadium

JennaJude
Triple Stumper
    $100 23
Cairo

Jeff
    $100 10
An apple a day keeps the doctor away

Jude
    $200 9
(Alex: Another "J"... interesting!)

Johnny Appleseed (John Chapman)

Jude
    $200 3
(Jude: What is a goat?)

a cow

JennaJude
    $200 7
the Penguin

Jeff
    $200 22
the Astrodome

Jeff
    $200 24
(Alex: And we have less than a minute to go in the round.)

Jackie Robinson

Jenna
    $200 11
His heart's in the right place

Jeff
    $300 12
Carry Nation

Jeff
    $300 4
float

Jude
    $300 16
Backdraft

Jeff
    $300 28
[The end-of-round signal sounds.]

Arrowhead Pond of Anaheim

Triple Stumper
    $700 25
insulin

Jenna
    $300 19
One hand washes the other

Jenna
    $400 13
(Jeff: Who is Hazard?)

Matthew Perry

Jeff
Triple Stumper
    $400 5
mole

Jenna
    $400 17
Dangerous Minds

Jenna
    $400 26
Bobby Fischer

Jude
    $400 20
Examine with a fine-toothed comb

Jeff
    $500 14
(Jeff: Who is Harriet Beecher Stowe?)

Julia Ward Howe

Jeff
Triple Stumper
    $500 6
(Jenna: What is corn syrup?)

blackstrap molasses

Jenna
Triple Stumper
    $500 18
Moll Flanders

Jenna
    $500 27
Stephen

Jeff
    $500 21
Bury your head in the sand

Jude

Scores at the first commercial break (after clue 15):

Jenna Jude Jeff
$0 $500 -$100

Scores at the end of the Jeopardy! Round:

Jenna Jude Jeff
$2,100 $1,400 $1,400

Double Jeopardy! Round responses

WORLD WAR I
WOMEN IN MYTHOLOGY
CLASSICAL MUSIC
GEOGRAPHY
BOOKS & AUTHORS
JUNGLE POTPOURRI
    $200 22
the "Camel"

Jenna
    $200 3
(Jeff: Who is Artemis?)

Isis

JennaJeff
    $200 2
Gioacchino Rossini

Jenna
    $200 11
Syria

Jude
    $200 17
John F. Kennedy

Jenna
    $200 1
a machete

Jeff
    $400 23
a flamethrower

Jude
    $400 4
Medusa

Jenna
    $400 6
Claude Debussy

Jenna
    $400 12
La Paz

Jeff
    $400 18
D.H. Lawrence

Jenna
    $400 30
Timon & Pumbaa

Jeff
    $600 24
the League of Nations

Jeff
    $600 5
Elektra

Jeff
    $600 8
St. Petersburg (or Leningrad)

Jeff
    $600 13
Agra

Jude
    $600 19
Benjamin Disraeli

Triple Stumper
    $600 29
(Jenna: Who is George Reeves?)

Johnny Weissmuller

Jenna
Triple Stumper
    $700 25
(Alex: We have less than a minute to go, Jeff.)

Marshal Ferdinand Foch

Jeff
    $800 7
Euterpe & Terpsichore

Jeff
    $800 9
(Jenna: Who is Mozart?)

Felix Mendelssohn

JennaJeff
    $500 14
Antarctica

Jude
    $800 20
E.L. Doctorow

Jenna
    $800 28
meatpacking

Jeff
    $1000 26
Dame Edith Cavell

Triple Stumper
    $1000 16
(Jeff: Who is Midas?)

King Minos of Crete

Jeff
Triple Stumper
    $1000 10
Camille Saint-Saens

Triple Stumper
    $1000 15
(Jenna: What is Victoria?)

Lake Tanganyika

JennaJeff
    $1000 21
the Crimean War

Jenna
    $1000 27
Zaire

Jeff

Scores at the end of the Double Jeopardy! Round:

Jenna Jude Jeff
$3,500 $3,100 $8,100
(lock game)

[wagering suggestions for these scores]

Final Jeopardy! Round responses

ENTERTAINMENT HISTORY
JudeWho is ?
$500
JennaWho are Punch & Judy?
$2,701
JeffWho are Punch & Judy
$1,000
Punch & Judy

Final scores:

Jenna Jude Jeff
$6,201 $2,600 $9,100
2nd place: a trip to Carmel Valley, California + Ricardo luggage 3rd place: Croton Swiss ladies' watch New champion: $9,100

Game dynamics:

Coryat scores:

Jenna Jude Jeff
$3,100 $3,400 $8,200
16 R
(including 1 DD),
5 W
11 R
(including 1 DD),
2 W
21 R
(including 1 DD),
4 W

Combined Coryat: $14,700

[game clues] [game scores] [suggest correction]

Game tape date: 1996-11-20
The J! Archive is created by fans, for fans. Scraping, republication, monetization, and malicious use prohibited; this site may use cookies and collect identifying information. See terms. The Jeopardy! game show and all elements thereof, including but not limited to copyright and trademark thereto, are the property of Jeopardy Productions, Inc. and are protected under law. This website is not affiliated with, sponsored by, or operated by Jeopardy Productions, Inc. Join the discussion at JBoard.tv.